000 00426nam a2200169Ia 4500
003 GCL
008 140319s9999 xx 000 0 eng d
040 _aGCL /
_cGCL
082 0 4 _a843
_bC R
100 1 _aCLARIN, LEOPOLDO ALAS DIT
245 1 0 _aLA REGENTE /
_cCLARIN, LEOPOLDO ALAS DIT
260 _a[S.N] :
_bFAYARD ،
_c1987
300 _a732 P
650 0 4 _aLITERATURE
650 0 4 _aFRENCH LITERATURE
942 _2ddc
_cBK
999 _c24849
_d24849